The Essentials Of Pharmaceutical Inorganic Chemistry/ (Record no. 208458)

MARC details
000 -LEADER
fixed length control field 00798nam a22002417a 4500
005 - DATE AND TIME OF LATEST TRANSACTION
control field 20250114111910.0
010 ## - LCCN (DPL NO)
LC control number ENG-143335
020 ## - INTERNATIONAL STANDARD BOOK NUMBER
Terms of availability 235.00
International Standard Book Number 9789380316741
035 ## - SYSTEM CONTROL NUMBER
System control number EN-126867
037 ## - SOURCE OF ACQUISITION
Source of stock number/acquisition DBAD
082 ## - DEWEY DECIMAL CLASSIFICATION NUMBER
Classification number 615.19
100 ## - MAIN ENTRY--PERSONAL NAME
Personal name Tripathi, Rati K.P.
245 ## - TITLE STATEMENT
Title The Essentials Of Pharmaceutical Inorganic Chemistry/
Statement of responsibility, etc By Rati K.P. Tripathi; Pradeep Singh [and] Garima Mishra
250 ## - EDITION STATEMENT
Edition statement 1
260 ## - PUBLICATION, DISTRIBUTION, ETC. (IMPRINT)
Place of publication, distribution, etc Delhi
Name of publisher, distributor, etc Ahuja Publishing House
Date of publication, distribution, etc 2019
270 ## - ADDRESS
Address C-8/124, B Lawrence Road
City Delhi
Postal code 110035
300 ## - PHYSICAL DESCRIPTION
Extent 198p. :
Dimensions 23cm(pb)
650 ## - SUBJECT ADDED ENTRY--TOPICAL TERM
Topical term or geographic name as entry element Medicinal plants
Geographic subdivision India
650 ## - SUBJECT ADDED ENTRY--TOPICAL TERM
Topical term or geographic name as entry element Herbs--Therapeutic use
700 ## - ADDED ENTRY--PERSONAL NAME
Personal name Singh, Pradeep
Relator term Author
9 (RLIN) 76517
700 ## - ADDED ENTRY--PERSONAL NAME
Personal name Mishra, Garima
Relator term Author
9 (RLIN) 76518
942 ## - ADDED ENTRY ELEMENTS (KOHA)
Source of classification or shelving scheme Dewey Decimal Classification
Item type English Books
Classification part 615.19
Call number suffix TRI
Holdings
Withdrawn status Lost status Not for loan Collection code Home library Current library Date acquired Source of acquisition Cost, normal purchase price Full call number Barcode Copy number Cost, replacement price Koha item type
      Non-fiction Central Library Central Library 14/01/2025 Delivery of Books Act Division 235.00 615.19 TRI EN-126867 1 235.00 English Books

© Delhi Public Library
Hit Counter
free hit counter